| Tag |
First Indicator |
Second Indicator |
Subfields |
| LEADER |
00000nam a2200000Ia 4500 |
| 001 |
in00004295513 |
| 005 |
20200810081705.0 |
| 006 |
m g d |
| 007 |
cr bn |||a|bb| |
| 008 |
860115s1641 enk o 00| | eng d |
| 035 |
|
|
|a (OCoLC)13025112
|
| 040 |
|
|
|a EAA
|c EAA
|d m/c
|d UMI
|d WaOLN
|
| 037 |
|
|
|a CL0037000007
|b ProQuest Information and Learning. 300 N. Zeeb Rd., Ann Arbor, MI 48106
|
| 049 |
|
|
|a UMIA
|
| 100 |
1 |
|
|a D'Ewes, Simonds,
|c Sir,
|d 1602-1650.
|
| 245 |
1 |
2 |
|a A speech delivered in the House of Commons July 7th 1641 :
|b being resolved into a committee, so neer as it could be collected together, in the Palatine cause /
|c by Sr. Simonds D'Ewes.
|
| 260 |
|
|
|a [London? :
|b publisher not identified],
|c 1641.
|
| 300 |
|
|
|a 1 online resource (16 pages)
|
| 336 |
|
|
|a text
|b txt
|2 rdacontent
|
| 337 |
|
|
|a computer
|b c
|2 rdamedia
|
| 338 |
|
|
|a online resource
|b cr
|2 rdacarrier
|
| 500 |
|
|
|a Reproduction of original in Thomason Collection, British Library.
|
| 510 |
4 |
|
|a Wing
|c D1253
|
| 510 |
4 |
|
|a McAlpin Coll.
|c II 29
|
| 533 |
|
|
|a Electronic reproduction.
|b Ann Arbor, Mich. :
|c UMI,
|d 1999-
|f (Early English books online)
|n Digital version of: (Early English books, 1641-1700 ; 259:E198, no 38)
|7 s1999 miun s
|
| 651 |
|
0 |
|a Great Britain
|x History
|y Charles I, 1625-1649.
|
| 830 |
|
0 |
|a Early English books online.
|
| 856 |
4 |
0 |
|u http://proxy.library.tamu.edu/login?url=https://search.proquest.com/docview/2248517680
|z Connect to the full text of this electronic book
|t 0
|
| 999 |
f |
f |
|s a3f6d644-3959-3445-b776-15ce020beb34
|i 8e7df99c-6324-3381-a2c8-60cb18595b85
|t 0
|
| 952 |
f |
f |
|a Texas A&M University
|b College Station
|c Electronic Resources
|d Available Online
|t 0
|h No information provided
|
| 998 |
f |
f |
|t 0
|l Available Online
|